| 000 | 00501nam a2200181Ia 4500 | ||
|---|---|---|---|
| 003 | GCL | ||
| 008 | 140319s9999 xx 000 0 eng d | ||
| 040 |
_aGCL / _cGCL |
||
| 082 | 0 | 4 |
_a364.2 _bW S |
| 100 | 1 | _aWOOTTON, BARBARA | |
| 245 | 1 | 0 |
_aSOCIAL SCIENCE AND SOCIAL PATHOLOGY / _cWOOTTON, BARBARA |
| 260 |
_a[S.N] : _bGEORGE ALLEN & UNWIN, LTD. ، _c1959 |
||
| 300 | _a400 P | ||
| 650 | 0 | 4 | _aالحضارة الفرعونية |
| 650 | 0 | 4 | _aPATHOLOGY |
| 650 | 0 | 4 | _aSOCIAL SCIENCE |
| 942 |
_2ddc _cBK |
||
| 999 |
_c12744 _d12744 |
||